000 00819nas a2200253 4500
001 BR6008442
003 BR-BrBNA
005 20231205082057.0
007 ta
008 230509b bl.|||p| |||| 00| 00por d
040 _aBR-BrBNA
_bpor
_cBiblioteca Nacional de Agricultura
041 _a(Pt)
072 _aE70
110 1 _aEmpresa de Pesquisa Agropecuaria de Minas Gerais, Belo Horizonte (Brasil)
245 1 _aEstatisticas agricolas [comercializacao, mercado, preco, Minas Gerais]
650 _aCOMERCIALIZACAO
650 _aMERCADO ATACADISTA
650 _aMERCADO VAREJISTA
650 _aPRECO
650 _aMINAS GERAIS
773 0 _tInforme Agropecuario. Conjuntura e Estatistica (Brazil)
_x
_g(Feb 1976), v. 2(2) p. 41-61
_wBR6008442
909 _a202311
_bLúcia
_c55
_dLúcia Elande
942 _2AGRIS
_n0
_cANA
999 _c89010
_d89010